000 01747nam a2200409 c 4500
999 _c29796
_d29796
003 BLK
005 20240321122533.0
008 180407b bul|||||r ||||||| ||bul||
010 _aKNG00032421000
040 _aBLK
041 _aBUL
_cBUL
072 7 _2bullib
_aК
_xКраезнание
080 _aРимокатолическа църква
_b282
_x(092)
_z282(092)
080 _aСветско име Викентий. Епископ, български католически духовник, монах пасионист, блажен
_b929 Босилков, Евгений
_z929 Босилков, Евгений
100 1 _aТаконе, Фернандо
_eпърви автор
_9127393
139 _aТаконе, Фернандо
_bТ 22
245 1 0 _aЕвгений Босилков български епископ и мъченик защитник на правата на Бога и на човека
_cФернандо Таконе.
260 _bКатолическа Ник. епархия
_c1998
300 _a238 с.
_c21 см
380 _a2
600 1 4 _aБосилков, Евгений
_d16.11.1900 - 12.11.1952
_9221850
650 4 _aДуховници, католически - България
_9249854
650 4 _aКатолическа църква - България - история
_9242256
653 _aЕвгений Босилков
653 _aкатолицизъм
653 _aкатолици
653 _aдуховници
659 _aК
852 _aЦб 197989
852 _aК 2/Б 68 Е
856 4 _qpdf
856 4 _qpdf
942 _cKNG
_n0
_01
_s1
944 _aCR
_c15.01.2003
_k30545
_lНора Радева
944 _aED
_c18.12.2013
999 _d29796